Cestovný lexikón Slovenskej republiky 2011/2012
| Main Author: | |
|---|---|
| Other Authors: | , |
| Format: | Book |
| Language: | Slovak English German |
| PhysicalDescription: | 331 s. fareb. fotogr., ilustr., mp. 25 cm |
| Published: |
Bratislava
Astor Slovakia
2011
|
| ISBN: | 9788089152186 |
| Edition: | [1. vyd.] |
| Subjects: |
MARC
| LEADER | 00000cam a2200000 a 4500 | ||
|---|---|---|---|
| 001 | vtls010272071 | ||
| 003 | SK-MaSNL | ||
| 005 | 20260302011722.0 | ||
| 008 | 240313s2011 xo oab g 001 0 slo | ||
| 015 | |a SNBE2011/04-03043 | ||
| 020 | |a 9788089152186 |q (viaz.) | ||
| 035 | |a E8162517-0FD8-4B76-ACE3-1E16B9F80CB5 | ||
| 035 | |a urn:nbn:sk:snk-amkb9t | ||
| 035 | |a urn:nbn:sk:snk-am008il5 | ||
| 040 | |a SNK |b slo |c SNK |e AACR2 | ||
| 041 | 0 | |a slo |a eng |a ger | |
| 043 | |a e-xo--- | ||
| 044 | |a xo |c SK | ||
| 072 | 7 | |a 338.3/.4 |x Hospodárske a výrobné odvetvia |2 konspekt | |
| 072 | 7 | |a 913(437) |x Geografia Česka a Slovenska, reálie, cestovanie |2 konspekt | |
| 100 | 1 | |a Kolník, Peter |4 aut |9 300365 | |
| 245 | 1 | 0 | |a Cestovný lexikón Slovenskej republiky |b 2011/2012 |c [autor projektu: Peter Kolník ; preklady: Barbara Grabner, Miroslava Dulová] |
| 246 | 1 | 1 | |a Reiselexikon der Slowakischen Republik |
| 246 | 1 | 1 | |a Travel guide of the Slovak Republic |
| 250 | |a [1. vyd.] | ||
| 260 | |a Bratislava |b Astor Slovakia |c 2011 | ||
| 300 | |a 331 s. |b fareb. fotogr., ilustr., mp. |c 25 cm | ||
| 500 | |a Piktogramy | ||
| 504 | |a Reg. | ||
| 546 | |a Súbež. názov a text angl. a nem. | ||
| 650 | 0 | 7 | |a cestovný ruch |2 SNKPH |9 999 |
| 650 | 0 | 7 | |a kultúrne pamiatky |2 SNKPH |9 2862 |
| 650 | 0 | 7 | |a turistické zaujímavosti |2 SNKPH |9 73869 |
| 650 | 0 | 7 | |a prírodné pamiatky |2 SNKPH |9 3807 |
| 650 | 0 | 7 | |a ubytovacie zariadenia |2 SNKPH |9 70233 |
| 650 | 0 | 7 | |a Tourism |2 SNKPHeng |9 266335 |
| 650 | 0 | 7 | |a Cultural monuments |2 SNKPheng |9 266481 |
| 650 | 0 | 7 | |a Tourist sights |2 SNKPheng |9 296885 |
| 650 | 0 | 7 | |a Natural monuments |2 SNKPHeng |9 267900 |
| 650 | 0 | 7 | |a Accommodations |2 SNKPheng |9 268008 |
| 655 | 7 | |a informačné publikácie |2 SNKPH |9 70181 | |
| 655 | 7 | |a turistickí sprievodcovia (publikácie) |2 SNKPH |9 191298 | |
| 655 | 7 | |a Information publications |2 SNKPHeng |9 265188 | |
| 655 | 7 | |a Tourist guidebooks |2 SNKPHeng |9 291226 | |
| 700 | 1 | |a Grabner, Barbara, |d 1955- |4 trl |9 231290 | |
| 700 | 1 | |a Dulová, Miroslava, |d 1950- |4 trl |9 214138 | |
| 852 | |a Štátna vedecká knižnica v Banskej Bystrici | ||
| 919 | |a 978-80-89152-18-6 | ||
| 958 | |a OND | ||
| 999 | |c 1007155 |d 1009085 | ||
| 952 | |a SNK |b SNK |y PREZ |7 0 |p 17A0703928 |o snkSC 101854/2011/2012/A |i snk2011/12275 |8 0 |0 0 |1 0 |4 0 |d 2011-05-26 |f 1 |l 0 |r 2025-09-23 00:00:00 |w 2026-02-24 | ||
| 952 | |a SNK |b SNK |y VYP |7 0 |p 17A0703929 |o snkSC 101854/2011/2012/A D1 |i snk2011/12276 |8 0 |0 0 |1 0 |4 0 |d 2011-05-26 |l 0 |r 2026-02-24 12:39:59 |w 2026-02-24 | ||


